La sociedad tecnológica (Record no. 7274)

MARC details
000 -LEADER
campo de control de longitud fija 00970nam a2200229 i 4500
001 - NÚMERO DE CONTROL
campo de control 7274
003 - IDENTIFICADOR DE NÚMERO DE CONTROL
campo de control ES-MaACL
005 - FECHA Y HORA DE LA ÚLTIMA TRANSACCIÓN
campo de control 20230906145211.0
008 - DATOS DE LONGITUD FIJA--INFORMACIÓN GENERAL
campo de control de longitud fija 901115s1989 sp |||| | spa d
080 ## - NÚMERO DE LA CLASIFICACIÓN DECIMAL UNIVERSAL
Número de la Clasificación Decimal Universal 62/69"19"
100 1# - ENTRADA PRINCIPAL--NOMBRE DE PERSONA
Nombre de persona López Pelaez, Antonio.
9 (RLIN) 73872
245 13 - MENCIÓN DEL TÍTULO
Título La sociedad tecnológica
Resto del título : acercamiento crítico /
Mención de responsabilidad, etc. Antonio López Peláez ; en colaboración con... Valentín Palencia Alejandro, Rafael Gonzalo Molina.
260 ## - PUBLICACIÓN, DISTRIBUCIÓN, ETC.
Lugar de publicación, distribución, etc. Madrid :
Nombre del editor, distribuidor, etc. Dpto. de Inteligencia Artificial, [Facultad de Informatica de U.P.M.],
Fecha de publicación, distribución, etc. 1989.
300 ## - DESCRIPCIÓN FÍSICA
Extensión [10], 45 h. ;
Dimensiones 29 cm.
504 ## - NOTA DE BIBLIOGRAFÍA, ETC.
Nota de bibliografía, etc. Bibliografía: p. 44-45.
650 #4 - PUNTO DE ACCESO ADICIONAL DE MATERIA--TÉRMINO DE MATERIA
Término de materia o nombre geográfico como elemento de entrada Innovaciones tecnológicas-
Subdivisión general Aspectos sociales.
9 (RLIN) 13791
700 1# - ENTRADA AGREGADA--NOMBRE PERSONAL
Nombre de persona Palencia Alejandro, Valentín.
9 (RLIN) 88537
700 1# - ENTRADA AGREGADA--NOMBRE PERSONAL
Nombre de persona Gonzalo Molina, Rafael,
Término indicativo de función/relación
9 (RLIN) 195395
710 2# - ENTRADA AGREGADA--NOMBRE DE ENTIDAD CORPORATIVA
Nombre de entidad corporativa o nombre de jurisdicción como elemento de entrada Universidad Politécnica de Madrid.
Unidad subordinada Facultad de Informática.
9 (RLIN) 7444
852 ## - LOCALIZACIÓN
Ubicación ES-MaACL
Número de control de estantería L-14476
Nota libre . - Dedicatoria autógrafa del autor
Holdings
Estatus retirado Estado de pérdida Estado de daño No para préstamo Biblioteca de origen Biblioteca actual Ubicación en estantería Fecha de adquisición Fuente de adquisición Total de préstamos Signatura topográfica completa Código de barras Visto por última vez Precio de reemplazo Tipo de ítem Koha
        Biblioteca del Ateneo de Madrid Biblioteca del Ateneo de Madrid Depósito 2 17/01/2008     L-14476 1007420 23/02/2023 23/02/2023 Libro impreso